000 01658nam0a2200397 4500
001 RU\NLR\bibl\191083
005 20250619085821.0
021 _aRU
_b2000-52677
_92435
035 _a(NLR Aleph) 000187602
090 _a1084206
_c1084206
100 _a20010223d2000 |||y0rusy50 ca
101 0 _arus
102 _aRU
105 _aa |||||||||
200 1 _aГравитационный спектрометр УХН с погружающимся поглотителем (элементарная теория)
_fС. С. Арзуманов, Л. Н. Бондаренко, Е. И. Коробкина и др.
210 _aМ.
_cРНЦ КИ
_d2000
215 _a32 с.
_cил.
_d21
225 1 _aПрепринт
_fрос. науч. центр "Курчатов. ин-т"
_vИАЭ-6182/2
320 _aБиблиогр.: с. 22 (4 назв.)
606 0 _aУльтрахолодные нейтроны
_xХранение в ловушках
_92157958
_3RU\NLR\auth\661298951
606 0 _aГравитационные спектрометры
_92226960
_3RU\NLR\auth\661336848
610 0 _aСпектрометры нейтронные
610 0 _aНейтроны ультрахолодные - регистрация
675 _a539.125.5.074.8
_v3
_zrus
686 _a29.15
_2rugasnti
686 _a22.38
_2rubbk
686 _aВ381.25
701 1 _aАрзуманов
_bС. С.
_4070
701 1 _aБондаренко
_bЛ. Н.
_4070
701 1 _aКоробкина
_bЕ. И.
_4070
801 0 _aRU
_bRKP
_c20010223
_gPSBO
801 1 _aRU
_bRKP
_c20010223
801 2 _aRU
_bNLR
_c20011219
_grcr
942 _cBOOK
980 _aNB